| 000 | 01292cam a22001814a 4500 | ||
|---|---|---|---|
| 005 | 20250605164358.0 | ||
| 008 | 250528s ||||||||||||||||||||||||d | ||
| 035 | _a24430 | ||
| 040 |
_aGR-AtMCL _bgre _dGR-AtMCL _eAACR2 |
||
| 245 | 1 | _aΟ Επιμελητηριακός και Επιχειρηματικός Κόσμος μπορεί να Κάνει Πράξη τη Συναίνεση και τη Συνεργασία | |
| 260 |
_bΕμπορικό Και Βιομηχανικό Επιμελητήριο Αθηνών, _c2018 |
||
| 300 | _a64 | ||
| 520 | _aΝέο Πλαίσιο Κανόνων για την Προστασία και την Ελεύθερη Ροή, Ανοίγει το Μέτωπο της Τέταρτης Αξιολόγησης, Η Τρέχουσα Συγκυρία Απαιτεί Σύμπλευση, Τι Δείχνουν τα Πρώτα Στοιχεία της Λειτουργίας του Εξωδικαστικού Μηχανισμού, Οι Νέες Ρυθμίσεις για τις Α.Π.Ε., Δημιουργείται Χρηματιστήριο Ενέργειας, Το 2018 Έτος για τον Σιδηρόδρομο. | ||
| 700 | 1 |
_aΜίχαλος Κωνσταντίνος _94319 |
|
| 942 | _cCR | ||
| 999 |
_c9312 _d9312 |
||